000 00745nam a2200241Ia 4500
003 OSt
005 20220926021005.0
006 a|||||r|||| 00| 0
007 ta
008 220923b |||||||| |||| 00| 0 eng d
037 _cGeneral Book
040 _aRTL
_cRTL
_beng
041 _2eng
_aeng
082 _aMV4:(B2893), K7
100 _aDanskin John M
_9325529
245 0 _aTheory of Max-Min and its application to weapons allocation problems
260 _aNew York
_bSpringer-Verlag USA
_c1967
300 _aviii,126p. Bib p 126p.
_ccm.
490 _aEconometrics and operations research, 5.
650 _aUseful Arts
_948682
942 _hMV4:(B2893), K7
_cGB
_2CC
999 _c635392
_d635392